00558nam a2200157 a 450000100100000000500170001000800410002702000180006804000250008624500720011126000280018330000110021150000560022295201050027899900170038300003839520201002031239.0130410s2008 xxu 000 0 spa d a9789264040816 aDO-SdBNPbspacBNPHU00aReviews of national policies for education :bDominican Repúblic. aEE. UU. :bOECD,c2008. a272 P. aIncluye referencias y notas al pie de las páginas 001050718MOaGRbGRcHDd2013-04-10iLF1l0o p38395-10r2020-06-25w2020-06-25y1ZNo se presta c37885d37885